| 000 | 00964cab a2200277 4500 | ||
|---|---|---|---|
| 001 | ABS48051 | ||
| 008 | 090401t1993 xxu||||| |||| 00| 0 eng d | ||
| 035 | _a(Sirsi) u64660 | ||
| 041 | _aeng | ||
| 100 | _aHayward, D. | ||
| 245 | _aComputers | ||
| 260 | _c1993 | ||
| 350 | _a0 | ||
| 490 |
_aNew Builder _v(163) 19 February 1993, 18-25(5) |
||
| 520 | _aSoftware for construction industry applications is tabulated as an aid to selection. The guide is prefaced by articles on the development of virtual reality graphics for planning in Edinburgh and on winning submissions for the Oasys Design Awards. | ||
| 650 | _aCAD | ||
| 650 | _aEDINBURGH ROYAL MILE | ||
| 650 | _aPRODUCT REVIEW | ||
| 650 | _aSOFTWARE PACKAGES | ||
| 650 | _aTHREE-DIMENSIONAL COMPUTER MODELLING | ||
| 650 | _aVIRTUAL REALITY GRAPHICS SOFTWARE | ||
| 690 | _aMANAGEMENT-BUSINESS MANAGEMENT-INFORMATION MANAGEMENT | ||
| 700 | _aByrd, T. | ||
| 942 | _n0 | ||
| 948 | _c04/03/1997 | ||
| 999 |
_c40282 _d40282 |
||